000 00359nam a22001577a 4500
003 MPLRDC
005 20220104123412.0
008 210129b ||||| |||| 00| 0 eng d
082 _a857.17 LE c.2
100 _a刘鹗著
245 _a老残游记
_c
260 _a
_b世界书局有限公司
_c
300 _b
650 _a
942 _cBK
_o857.17 LE c.2
999 _c11143
_d11133